Word Ladder: My Name Is... Quiz Stats

 Plays Quiz Updated Oct 14, 2014

Challenge
Share
Tweet
Embed
Score 0/26 Timer 03:00
2 Plays Today
Hint Answer % Correct
Shady alter ego of EminemE SLIM Ǝ
92.1%
Shut with forceSLAM
86.1%
Negative afterlife possibilityHELL
84.2%
Opposite of loveHATE
83.8%
Sea lion and walrus relativeSEAL
83.6%
Come or bring something to a stopHALT
82.8%
Place where cloth meetsSEAM
82.8%
Exact school subjectE MATH Ǝ
82.3%
Clue room or Dexter actor Michael C.E HALL Ǝ
82.2%
Type of beer or milkshakeMALT
81.8%
Make someone betterHEAL
81.8%
Extraterrestrial chocolate barE MARS Ǝ
80%
Large water surfaces (seven perhaps)SEAS
79.1%
Hint Answer % Correct
Animal slower than a tortoiseHARE
78.4%
Long, narrow cutSLIT
76.8%
Alternative to hisE HERS Ǝ
76.6%
Old-fashioned form of hasHATH
76.5%
What a tennis game consists ofSETS
76.3%
Queens' baseball teamMETS
73.8%
Heisenberg productMETH
73.8%
Fellow rapper Combs (Diddy) or PaulSEAN
73%
In the proximityHERE
72.6%
Trading centerMART
72.1%
Eminem song and title characterE STAN Ǝ
70.9%
Long, narrow piece of woodSLAT
70%
Medical abbrev. expressing urgenceSTAT
70%

Today's Daily Dose

Missing Word
TV HA - HZ

Word Ladder
Nordic Capital

On This Day
January 19th II

You're not logged in!

Compare scores with friends on all Sporcle quizzes.
OR
Log In

You Might Also Like...

Show Comments

Extras

Top Quizzes Today


Score Distribution

Your Account Isn't Verified!

In order to create a playlist on Sporcle, you need to verify the email address you used during registration. Go to your Sporcle Settings to finish the process.

Report this User

Report this user for behavior that violates our Community Guidelines.

Details: